| 000 | 01129nac a22002651u 4500 | ||
|---|---|---|---|
| 010 | _a 2002008690 | ||
| 020 | _a047123284X (pbk. : alk. paper) | ||
| 082 | 0 | 0 |
_a005.8 _bHIN |
| 090 |
_c5685 _d5685 |
||
| 100 | _aHines, Annlee, | ||
| 245 | 1 | 0 |
_aPlanning for survivable networks : _bensuring business continuity / _cAnnlee Hines. |
| 260 |
_aIndianapolis, Ind. : _bWiley Pub.,2002 _cc2002. |
||
| 300 |
_axv, 320 p. : _bill., maps ; _c24 cm. |
||
| 500 | _a"Wiley Computer Publishing." | ||
| 500 | _adistributer: Al-Ahram | ||
| 504 | _aIncludes bibliographical references (p. 275-280) and index. | ||
| 511 | _acatalogued by: wessam | ||
| 650 | 0 |
_aComputer networks _xSecurity measures _xPlanning. |
|
| 650 | 0 | _aDisasters. | |
| 650 | 0 | _aEmergency management. | |
| 856 | 4 | 2 |
_3Contributor biographical information _uhttp://www.loc.gov/catdir/bios/wiley044/2002008690.html |
| 856 | 4 | 2 |
_3Publisher description _uhttp://www.loc.gov/catdir/description/wiley037/2002008690.html |
| 856 | 4 | 2 |
_3Table of contents _uhttp://www.loc.gov/catdir/toc/wiley023/2002008690.html |
| 942 |
_cBB _k005.8HIN |
||
| 999 |
_c5685 _d5685 |
||